000 00215 a2200097 4500
020 _a9781032786001
100 _aSanjeev J. Wagh
245 _aFundamentals of data science
260 _bCRC Press
_c2025
942 _cOO
999 _c116028
_d116027